Statistics for 100 Logo Quiz

Click here to take the quiz!

General Stats

  • This quiz has been taken 10,227 times
  • The average score is 45 of 100

Answer Stats

Answer% Correct
Fanta
98%
Wikipedia
90%
Facebook
87%
Youtube
86%
Mcdonalds
85%
Levis
84%
NASA
84%
Nike
83%
Instagram
81%
Volkswagen
81%
Apple
80%
Pepsi
80%
Gucci
78%
Nintendo
78%
Disney
77%
Microsoft
75%
Tesla
75%
Target
74%
Nissan
70%
Visa
70%
KitKat
68%
Word
68%
Amazon
67%
Burger King
67%
Fila
67%
Kia
67%
MTV
67%
Lego
65%
Ford
64%
Nickelodeon
64%
Walmart
64%
7-Eleven
62%
Yahoo!
62%
Ikea
59%
Costco
58%
Hyundai
56%
Audi
55%
Dove
55%
Arby's
54%
Kellogg's
54%
Samsung
54%
Dolby
53%
Motorola
53%
Android
52%
Bic
52%
Firefox
51%
Skype
51%
Under Armour
50%
Louis Vuitton
49%
Excel
48%
Dell
46%
CNN
45%
Hershey
45%
Heineken
44%
IBM
44%
Linkedin
44%
Olympics
44%
HP
43%
Haribo
42%
In-N-Out
42%
Sega
39%
Harley-Davidson
38%
Zoom
38%
Soundcloud
37%
Xerox
36%
CVS
34%
Doordash
32%
Google
32%
Verizon
31%
Kodak
26%
Popeyes
24%
Carmax
22%
Chase
21%
Logitech
19%
Old Navy
19%
Bank Of America
18%
AMC
16%
Caterpillar
16%
Marriott
16%
Waffle House
16%
General Mills
15%
Trader Joes
15%
BBC
14%
HSBC
14%
Wall Street Journal
14%
General Electric
13%
MSN
12%
Nascar
12%
Gymboree
8%
Regal
8%
Boeing
7%
Hallmark
7%
Intel
7%
Oxi Clean
7%
Remax
7%
Columbia
6%
Wegmans
5%
Fandom
4%
21st Century Fox
2%
Hisamitsu
2%

Score Distribution

Percentile by Number Answered

Percent of People with Each Score

Your Score History

You have not taken this quiz